00678nam a2200157Ia 4500008004100000100002200041245016000063245007100223260005300294260000900347300001000356650001500366856004700381999001900428952007300447170221s9999 xx 000 0 und d aHalilu Bello Rogo aModerating Effect of Access to Finance on the Relationship between Total Quality Management, Market Orientation and SMEs Performance: A Proposed Framework  cHalilu Bello Rogo, Mohd Noor Mohd. Shariff, Muhammad Haroon Hafeez bInternational Review of Management and Marketing c2017 a7 : 1 xMarketing. uhttp://www.econjournals.com/index.php/irmm c308037d308037 001040aCLbCLd2017-02-21l0r2017-02-21 00:00:00w2017-02-21yFOJ